000 00752nam a2200253 i 4500
001 129449
003 ES-MaACL
005 20250829112201.0
007 t|
008 070614s1970 sp ||||1| spa d
080 _a272(091)
100 1 _aTestas, Guy.
_9109833
245 1 3 _aLa inquisición /
_cpor Guy Testas y Jean Testas ; [traducción de Guillem Frontera].
250 _a1ª ed.
260 _aBarcelona :
_bOikos-Tau,
_c[1970]
300 _a126 p. ;
_c18 cm.
490 1 _a¿Qué sé? ;
_v8
650 4 _aInquisición-
_xHistoria.
_913804
700 1 _aTestas, Jean.
_9109834
700 1 _aFrontera, Guillem.
_952741
830 0 _a¿Qué sé?
_v8
_9181382
852 _aES-MaACL
_jC-42506
_bR.74426
999 _c129449
_d129449